<?xml version="1.0" encoding="UTF-8"?>
<record
    xmlns:xsi="http://www.w3.org/2001/XMLSchema-instance"
    xsi:schemaLocation="http://www.loc.gov/MARC21/slim http://www.loc.gov/standards/marcxml/schema/MARC21slim.xsd"
    xmlns="http://www.loc.gov/MARC21/slim">

  <leader>01849cam a2200421 a 4500</leader>
  <controlfield tag="001">16064195</controlfield>
  <controlfield tag="003">OSt</controlfield>
  <controlfield tag="005">20231110135324.0</controlfield>
  <controlfield tag="008">100122s2007    su       b    000 0beng d</controlfield>
  <datafield tag="010" ind1=" " ind2=" ">
    <subfield code="a">  2008334035</subfield>
  </datafield>
  <datafield tag="020" ind1=" " ind2=" ">
    <subfield code="a">9960984958</subfield>
  </datafield>
  <datafield tag="035" ind1=" " ind2=" ">
    <subfield code="a">(OCoLC)ocn262843256</subfield>
  </datafield>
  <datafield tag="040" ind1=" " ind2=" ">
    <subfield code="a">PUL</subfield>
    <subfield code="c">PUL</subfield>
    <subfield code="d">PUL</subfield>
    <subfield code="d">PAU</subfield>
    <subfield code="d">OCLCA</subfield>
    <subfield code="d">OCLCQ</subfield>
    <subfield code="d">DLC</subfield>
  </datafield>
  <datafield tag="041" ind1="1" ind2=" ">
    <subfield code="a">eng</subfield>
    <subfield code="h">ara</subfield>
  </datafield>
  <datafield tag="042" ind1=" " ind2=" ">
    <subfield code="a">lccopycat</subfield>
    <subfield code="a">lcode</subfield>
  </datafield>
  <datafield tag="050" ind1="0" ind2="0">
    <subfield code="a">BP80.A5434</subfield>
    <subfield code="b">A238 2007</subfield>
  </datafield>
  <datafield tag="066" ind1=" " ind2=" ">
    <subfield code="c">(3</subfield>
  </datafield>
  <datafield tag="082" ind1=" " ind2=" ">
    <subfield code="a">297.092</subfield>
    <subfield code="b">ABD/B</subfield>
  </datafield>
  <datafield tag="100" ind1="1" ind2=" ">
    <subfield code="a">Abdul Rauf, Abu N&#x101;sir Ibrah&#x12B;m</subfield>
    <subfield code="9">9893</subfield>
  </datafield>
  <datafield tag="245" ind1="1" ind2="4">
    <subfield code="a">The biography of great muhaddith Sheikh Muhammad N&#x101;siruddin al-Alb&#x101;ni /</subfield>
    <subfield code="c">by Abu N&#x101;sir Ibrah&#x12B;m Abdul Rauf &amp; Abu Maryam Muslim Ameen ; verified by Muhammad al-Ameen al-Haleel Abu Abdil Musawwir.</subfield>
  </datafield>
  <datafield tag="246" ind1="3" ind2="0">
    <subfield code="a">Sheikh Muhammad N&#x101;siruddin al-Alb&#x101;ni</subfield>
  </datafield>
  <datafield tag="246" ind1="1" ind2="8">
    <subfield code="a">Biography of Sheikh Muhammad N&#x101;siruddin al-Alb&#x101;ni</subfield>
  </datafield>
  <datafield tag="246" ind1="1" ind2=" ">
    <subfield code="6">880-01</subfield>
    <subfield code="i">Title on backcover:</subfield>
    <subfield code="a">S&#x12B;rat al-&#x2BB;All&#x101;mah Mu&#x1E25;ammad N&#x101;&#x1E63;ir al-D&#x12B;n al-Alb&#x101;n&#x12B;</subfield>
  </datafield>
  <datafield tag="250" ind1=" " ind2=" ">
    <subfield code="a">1st ed.</subfield>
  </datafield>
  <datafield tag="260" ind1=" " ind2=" ">
    <subfield code="a">Riyadh :</subfield>
    <subfield code="b">Darussalam,</subfield>
    <subfield code="c">2007.</subfield>
  </datafield>
  <datafield tag="300" ind1=" " ind2=" ">
    <subfield code="a">134 p. ;</subfield>
    <subfield code="c">22 cm.</subfield>
  </datafield>
  <datafield tag="504" ind1=" " ind2=" ">
    <subfield code="a">Includes bibliographical references (p. [131]-134).</subfield>
  </datafield>
  <datafield tag="546" ind1=" " ind2=" ">
    <subfield code="a">Some (or all?) text translated from Arabic.</subfield>
  </datafield>
  <datafield tag="600" ind1="1" ind2="0">
    <subfield code="a">Alb&#x101;n&#x12B;, Mu&#x1E25;ammad N&#x101;&#x1E63;ir al-D&#x12B;n.</subfield>
  </datafield>
  <datafield tag="650" ind1=" " ind2="0">
    <subfield code="a">Hadith scholars</subfield>
    <subfield code="y">20th century</subfield>
    <subfield code="v">Biography.</subfield>
  </datafield>
  <datafield tag="650" ind1=" " ind2="0">
    <subfield code="a">Muslim scholars</subfield>
    <subfield code="y">20th century</subfield>
    <subfield code="v">Biography.</subfield>
  </datafield>
  <datafield tag="700" ind1="1" ind2=" ">
    <subfield code="a">Ameen, Abu Maryam Muslim.</subfield>
  </datafield>
  <datafield tag="700" ind1="1" ind2=" ">
    <subfield code="a">Abu Abdil Musawwir, Muhammad Al-Ameen Al Haleel.</subfield>
  </datafield>
  <datafield tag="880" ind1="3" ind2=" ">
    <subfield code="6">246-01/(3/r&#x200F;</subfield>
    <subfield code="a">&#x200F;&#x633;&#x64A;&#x631;&#x629; &#x627;&#x644;&#x639;&#x644;&#x627;&#x645;&#x629; &#x645;&#x62D;&#x645;&#x62F; &#x646;&#x627;&#x635;&#x631; &#x627;&#x644;&#x62F;&#x64A;&#x646; &#x627;&#x644;&#x623;&#x644;&#x628;&#x627;&#x646;&#x64A;</subfield>
  </datafield>
  <datafield tag="906" ind1=" " ind2=" ">
    <subfield code="a">7</subfield>
    <subfield code="b">cbc</subfield>
    <subfield code="c">copycat</subfield>
    <subfield code="d">3</subfield>
    <subfield code="e">ncip</subfield>
    <subfield code="f">20</subfield>
    <subfield code="g">y-gencatlg</subfield>
  </datafield>
  <datafield tag="942" ind1=" " ind2=" ">
    <subfield code="2">ddc</subfield>
    <subfield code="c">BK</subfield>
    <subfield code="h">297.092</subfield>
    <subfield code="i">ABD/B</subfield>
    <subfield code="k">297.092</subfield>
    <subfield code="m">ABD/B</subfield>
  </datafield>
  <datafield tag="952" ind1=" " ind2=" ">
    <subfield code="0">0</subfield>
    <subfield code="1">0</subfield>
    <subfield code="2">ddc</subfield>
    <subfield code="4">0</subfield>
    <subfield code="7">0</subfield>
    <subfield code="8">ISLAM</subfield>
    <subfield code="a">MES</subfield>
    <subfield code="b">MES</subfield>
    <subfield code="c">ISL</subfield>
    <subfield code="d">2024-01-06</subfield>
    <subfield code="l">0</subfield>
    <subfield code="o">297.092 ABD/B</subfield>
    <subfield code="p">44552</subfield>
    <subfield code="r">2024-01-06 12:26:39</subfield>
    <subfield code="v">640.00</subfield>
    <subfield code="w">2024-01-06</subfield>
    <subfield code="y">BK</subfield>
    <subfield code="z">GL49R3</subfield>
  </datafield>
  <datafield tag="999" ind1=" " ind2=" ">
    <subfield code="c">43031</subfield>
    <subfield code="d">43031</subfield>
  </datafield>
</record>
